00342nam a2200145Ia 4500008004100000020001500041041001200056082001500068100001300083245004500096250000800141260002500149300000800174650001400182221030s9999 xx 000 0 und d a0070532826 aEnglish a105.23bFu aLimin Fu 0aNeural Networks in Computer Intelligence a2nd bTMHaNew Delhic2004 a460 aComputers